| 000 | 00499nam a22001817a 4500 | ||
|---|---|---|---|
| 999 |
_c526349 _d526349 |
||
| 003 | NUST | ||
| 020 | _qHBK | ||
| 038 | _aFaiza | ||
| 082 |
_a891.4911 _bIMR |
||
| 100 |
_aImran _917336 |
||
| 245 |
_aAk Jugnu di Rushnai / _cImran |
||
| 260 |
_aLahore : _bPeace Publications, _c1995. |
||
| 300 | _a128 p. ; | ||
| 880 |
_6100-01\r _aعمران |
||
| 880 |
_6245-02\r _aاک جگنو دی رُشنائی / |
||
| 880 |
_6260-03\r _aلاہور : _bپیس پبلیکیشنز, _c۱۹۹۵. |
||
| 942 |
_2ddc _cBK |
||